<?xml version="1.0" encoding="UTF-8"?>
<marc:record xmlns:marc="http://www.loc.gov/MARC21/slim">
   <marc:leader>00000nam a2200000 a 4500</marc:leader>
   <marc:datafield ind1="0" ind2="0" tag="245">
      <marc:subfield code="a">Die Schöne und das Biest</marc:subfield>
   </marc:datafield>
   <marc:datafield ind1=" " ind2="1" tag="264">
      <marc:subfield code="c">2003</marc:subfield>
   </marc:datafield>
   <marc:datafield ind1="1" ind2=" " tag="520">
      <marc:subfield code="a">Belle ist ein hübsches Mädchen, das mit dem Leben in einer kleinen provinziellen französischen Stadt unzufrieden ist und ständig versucht, weg von den arroganten Jungen zu kommen. Das Biest, ein unter Bann gesetzter Prinz, der nicht lieben konnte, trifft aufgrund eines Fehlers von Maurice, Belles Vater, auf die schöne Belle. Wird es dem Prinzen mit Hilfe von Belle gelingen den Bann zu brechen?</marc:subfield>
   </marc:datafield>
   <marc:datafield ind1="0" ind2=" " tag="490">
      <marc:subfield code="v">0</marc:subfield>
   </marc:datafield>
   <marc:datafield ind1=" " ind2=" " tag="300">
      <marc:subfield code="a">87 min</marc:subfield>
   </marc:datafield>
</marc:record>
